00840nam a2200253 i 4500001000300000100001900003245008600022260004300108300002100151504001400172650001900186650005100205700002700256020001500283040000800298041000700306080003100313920001800344942000700362008004100369999001700410856009800427952006100525bg1 aRAKOWSKA, Anna10aDoskonalenie kompetencji menedżerskich /cAnna Rakowska, Agnieszka Sitko-Lutek. aWarszawa :bWydaw. Naukowe PWN,c2000. a120 s. ;c24 cm. aBibliogr. 9aMenedżerowie 9aMenedżerowiexsocjologiazPolskayod 1989 r.1 aSITKO-LUTEK, Agnieszka a8301131098 cBPK0 apl a316.343.653(438)"1989/..." a83-01-13109-8 cKS s pl f |000 0 pol  c40312d40312 uhttp://koha.tu.koszalin.pl/cgi-bin/koha/opac-detail.pl?biblionumber=40312yKatalog online BPK 00104070aBPKbBPKcwo60922p01638424s2016-03-22yKS